| 000 | 00352cam a2200133ua 4500 | ||
|---|---|---|---|
| 082 |
_a028.73423 _bFOW/CO |
||
| 100 |
_aFowler, H W . _91833 |
||
| 245 | 0 | 0 | _aConcise Oxford Dictionary of Current English / |
| 250 | _a5 / | ||
| 260 |
_aLondon : _bOxford University Press , _c1964. |
||
| 300 | _a1555 ; . | ||
| 700 | 1 |
_aFowler, F G . _91959 |
|
| 942 | _cBK | ||
| 999 |
_c10172 _d10172 |
||